000 01217nam a22002651a 4500
999 _c18852
_d18852
001 18852
003 OSt
005 20260204212424.0
008 181010s2018||||dr ||||||b||||||||||spa||
090 _aM-BA 2018 A26
100 1 _aAcosta R., Gregorio Eladio
_esustentante
245 1 0 _aIntegración de la tecnología en el aula como recurso para el aprendizaje del nivel primario / Gregorio Eladio Acosta R, Daniel Belén Reynoso, Edwin Almonte Reyes y otros cuatro ; asesor, Alba Lisset Peguero
260 _aCotuí, República Dominicana :
_bUTECO,
_c2018
300 _a62 hojas :
_bIlustraciones ;
_c28cm.
502 _aMonográfico (Licenciatura en Educación Básica)--Universidad Tecnológica del Cibao Oriental, 2018
504 _aIncluye referencia bibliográfica e índice
650 4 _aIntegración de la tecnología
700 1 _aTejada Gil, Elizabeth
_esustentante
700 1 _aVásquez Muñoz, Bernarda
_esustentante
700 1 _aBelén Luzón, Fiordaliza
_esustentante
700 1 _aAbad Rosario, Maribel
_esustentante
700 1 _aPeguero, Alba Lissette
_easesor
830 _aTesis y disertaciones académicas (Universidad Tecnológica del Cibao Oriental)
942 _2LC
_cTH